| 000 | 00519nam a2200181 4500 | ||
|---|---|---|---|
| 001 | 138021 | ||
| 003 | ES-MaACL | ||
| 007 | t| | ||
| 008 | 070214s1942 sp r ||||1| spa d | ||
| 100 | 1 |
_aSánchez López, Arcadio. _9102727 |
|
| 245 | 1 | 0 |
_aFisiología obstétrica / _cArcadio Sánchez López. |
| 260 |
_aMadrid : _bHaz, _c1942. |
||
| 300 |
_a808 p. ; _c26 cm. |
||
| 490 | 1 | _aLecciones de Obstetricia | |
| 830 | 0 |
_aLecciones de Obstetricia _9220134 |
|
| 852 |
_aES-MaACL _jE-547 _bR.19867 |
||
| 999 |
_c138021 _d138021 |
||